书目信息 |
| 书名: | CLASSIC GOLF TIPS | |
| 作者: | BY TOMMY ARMOUR | |
| 分册号: | ||
| 分册名: | 出版地: | United states of America |
|
| 出版社: | CONTEMPORARY BOOKS | |
| 出版时间: | 2010 | |
| 页数: | 165p | |
| 开本: | 20cm | |
| 丛书名: | ||
| 中图分类号: | ||
| 科图分类号: | ||
| 其他分类号: | G849.3 | |
| 主题词: | ||
| 电子资源: | ||
| 000 | 00515nam0 2200193 450 | |
| 001 | 052012178416 | |
| 005 | 20121107102748.0 | |
| 008 | 20021229d1997 em y0chiy0121 ea | |
| 020 | @a978-0-80923-342-7@c$12.95 | |
| 041 | @aeng | |
| 091 | @aG849.3 | |
| 099 | @dG849.3@eB9931 | |
| 100 | @aBY TOMMY ARMOUR | |
| 245 | 10 | @aCLASSIC GOLF TIPS@cBY TOMMY ARMOUR |
| 260 | @aUnited states of America@bCONTEMPORARY BOOKS@c2010 | |
| 300 | @a165p@c20cm | |
| 521 | @aCLASSIC GOLF TIPS | |
| 905 | @b6752-4 | |
| 905 | @aTSG@dG849.3@eB9931 | |
| CLASSIC GOLF TIPS / BY TOMMY ARMOUR.-United states of America : CONTEMPORARY BOOKS , 2010 |
| 165p ; 20cm |
| CLASSIC GOLF TIPS |
| ISBN 978-0-80923-342-7$12.95 |
| ● |
| 相关链接 |
|
|
|
正题名:CLASSIC GOLF TIPS
索取号:G849.3/B9931
 
预约/预借
| 序号 | 登录号 | 条形码 | 馆藏地/架位号 | 状态 | 备注 |
| 1 | 6752 | 300067521 | 社科库409/409社科库 119排4列4层/ [索取号:G849.3/B9931] | 在馆 | |
| 2 | 6753 | 300067530 | 社科库409/409社科库 119排4列4层/ [索取号:G849.3/B9931] | 在馆 | |
| 3 | 6754 | 300067549 | 社科库409/409社科库 119排4列4层/ [索取号:G849.3/B9931] | 在馆 |